| 000 | 01032nam a22002531u 4500 | ||
|---|---|---|---|
| 001 | 12141 | ||
| 003 | HDC | ||
| 007 | cr bn --- | ||
| 008 | 210209p2006 my eng | ||
| 040 | _aHDC | ||
| 100 |
_aK. Mohd. Safidin, _eauthor _912545 |
||
| 245 | 0 |
_aDetection and analysis of carotenoid pigments in pummelo (Citrus grandis cv. Melomas) fruit peel using reverse-phase high performance liquid chromatography / _cby K. Mohd. Safidin, V. Maheswary and H. Marzukhi |
|
| 260 |
_aSerdang : _bMalaysian Agricultural Research and Development Institute (MARDI), _c2006 |
||
| 300 | _a1 page | ||
| 336 |
_atext _2rdacontent |
||
| 337 |
_acomputer _2rdamedia |
||
| 338 |
_aonline resource _2rdacarrier |
||
| 650 |
_aCarotenoid biosynthesis pathway _912547 |
||
| 650 |
_aCitrus grandis _912546 |
||
| 856 | _zRequest full-text at [email protected] | ||
| 942 | _2lcc | ||
| 942 | _cAR | ||
| 942 | _kJART 003008 | ||
| 999 |
_c9464 _d9464 |
||